[Event "St Petersburg-ch sf"]
[Site "St Petersburg"]
[Date "2010.02.14"]
[Round "2"]
[White "Guzenko, Artem"]
[Black "Kashtanov, Ruslan"]
[Result "1/2-1/2"]
[WhiteElo "2136"]
[BlackElo "2337"]
[PlyCount "26"]
[EventDate "2010.02.13"]
[EventType "swiss"]
[EventRounds "9"]
[EventCountry "RUS"]
[SourceTitle "CBM 135 Extra"]
[Source "ChessBase"]
[SourceDate "2010.05.04"]
[SourceVersion "1"]
[SourceVersionDate "2010.05.04"]
[SourceQuality "1"]

1. e4 c5 2. Nf3 e6 3. d4 cxd4 4. Nxd4 Nc6 5. Nc3 Nf6 6. a3 d6 7. Be2 Be7 8. 0-0 0-0 9. Be3 Bd7 10. f4 Nxd4 11. Bxd4 Bc6 12. Bd3 Nd7 13. Kh1 e5 1/2-1/2

[Event "St Petersburg-ch sf"]
[Site "St Petersburg"]
[Date "2010.02.13"]
[Round "1"]
[White "Urjubdshzirov, Erdni"]
[Black "Guzenko, Artem"]
[Result "0-1"]
[WhiteElo "2323"]
[BlackElo "2136"]
[PlyCount "66"]
[EventDate "2010.02.13"]
[EventType "swiss"]
[EventRounds "9"]
[EventCountry "RUS"]
[SourceTitle "CBM 135 Extra"]
[Source "ChessBase"]
[SourceDate "2010.05.04"]
[SourceVersion "1"]
[SourceVersionDate "2010.05.04"]
[SourceQuality "1"]

1. e4 c5 2. Ne2 e6 3. d4 cxd4 4. Nxd4 Nc6 5. Nc3 a6 6. Nxc6 bxc6 7. Bd3 d5 8. 0-0 Qc7 9. Re1 Bb7 10. Qf3 Bd6 11. exd5 cxd5 12. Qg4 Kf8 13. Qh4 Re8 14. Bg5 h6 15. h3 g6 16. Rad1 Kg7 17. Bc1 Nf6 18. Bf1 e5 19. Rd2 Re6 20. Nd1 e4 21. Rde2 g5 22. Bxg5 hxg5 23. Qxg5+ Kf8 24. Qd2 Bc5 25. Ne3 d4 26. Nf5 Ng4 27. g3 e3 28. fxe3 Nxe3 29. Nxe3 Rxe3 30. Bg2 Qxg3 31. Qa5 Rh5 32. Qd8+ Kg7 33. Qa5 Rxe2 0-1

[Event "Peterhof op"]
[Site "Peterhof"]
[Date "2010.01.10"]
[Round "9"]
[White "Guzenko, Artem"]
[Black "Simkin, Alexander"]
[Result "1-0"]
[WhiteElo "2136"]
[BlackElo "1912"]
[PlyCount "67"]
[EventDate "2010.01.03"]
[EventType "swiss"]
[EventRounds "9"]
[EventCountry "RUS"]
[SourceTitle "CBM 134 Extra"]
[Source "ChessBase"]
[SourceDate "2010.03.03"]
[SourceVersion "1"]
[SourceVersionDate "2010.03.03"]
[SourceQuality "1"]

1. e4 c5 2. Nf3 d6 3. d4 cxd4 4. Qxd4 Nc6 5. Bb5 Bd7 6. Bxc6 Bxc6 7. Nc3 e5 8. Qd3 Nf6 9. 0-0 Be7 10. Bg5 0-0 11. Bxf6 Bxf6 12. Nd2 a6 13. Nc4 Be7 14. a4 Qc7 15. Ne3 Bg5 16. Ned5 Qd8 17. Rfd1 Rc8 18. a5 Bxd5 19. Nxd5 Rc5 20. b4 Rc6 21. c4 Re8 22. Qb3 Qc8 23. Nb6 Qe6 24. Rd5 Bd8 25. b5 axb5 26. cxb5 Rc5 27. Na4 Rxd5 28. exd5 Qc8 29. Qb4 Qc7 30. a6 bxa6 31. bxa6 Be7 32. Qb6 Rc8 33. Qxc7 Rxc7 34. Nb6 1-0